000
00319nam a22001457a 4500
008
230524b ||||| |||| 00| 0 eng d
020
_a
9782264072955
041
_a
FRA
080
_a
82
082
_a
82O'FA
100
_a
38
101
_a
GJL
245
_a
ASSEZ DE BLEU DANS LE CIEL
_c
O'FARRELL.M
942
_2
udc
_c
BK
999
_c
59829
_d
59829